Investovanie na kapitálových trhoch - anomália domáca predpojatosť (home bias) diplomová práca

Guardado en:
Detalles Bibliográficos
Autor principal: Križanová, Katarína
Autor Corporativo: Fakulta podnikového manažmentu EU. Katedra podnikových financií
Otros Autores: Mikloš, Miroslav, 1975-
Formato: Libro
Lenguaje:eslovaco
Publicado: Bratislava 2010
Etiquetas: Agregar Etiqueta
Sin Etiquetas, Sea el primero en etiquetar este registro!

MARC

LEADER 00000nam$a2200000$$$4500
001 0121113
005 20240318122336.7
041 0 |a slo 
044 |a SK 
245 1 0 |a Investovanie na kapitálových trhoch - anomália domáca predpojatosť (home bias)  |b diplomová práca  |c Katarína Križanová ; škol. Miroslav Mikloš 
264 1 |a Bratislava  |c 2010 
300 |a 64 s. 
100 1 |a Križanová, Katarína 
700 1 |a Mikloš, Miroslav, 1975- 
710 2 |a Fakulta podnikového manažmentu EU. Katedra podnikových financií